British industrial investment in Malaysia, 1963-1971

Bibliographic Details
Main Author: Junid Saham (Author)
Format: Book
Published: Kuala Lumpur : Oxford University Press , 1980
Subjects:

MARC

LEADER 00000cam a2200000 7i4500
001 0000002581
005 20021118093000.0
008 021118n
020 |a 019580418X 
090 0 0 |a HG5750.6.A3   |b J864 
100 0 |a Junid Saham ,   |e author 
245 0 0 |a British industrial investment in Malaysia, 1963-1971   |c Junid Saham 
260 2 |a Kuala Lumpur :   |b Oxford University Press ,   |c 1980 
300 |a 353 p. ; ;   |c 25 cm. 
504 |a Includes index 
650 0 |a Investments, Foreign   |z Malaysia 
651 0 |a Industries   |z Malaysia 
999 |a 1000019715   |b Book   |c OPEN SHELF (30 DAYS)   |e Gong Badak Campus 
999 |a 1000019716   |b Book   |c OPEN SHELF (30 DAYS)   |e Gong Badak Campus